000 00430nam a2200181Ia 4500
003 OSt
005 20230518102438.0
008 210210b1901 xxu||||| |||| 00| 0 eng d
040 _cAL
041 _aeng
082 _a590/235
100 _aPARKER (T J)
_9107743
245 _aLessons in elementary biology
260 _aLondon
_bMacmillan & Co. Ltd.
_c1901
690 _aZoology
_9107744
906 _a010807
942 _2ddc
_cBK
999 _c138697
_d138697